| 000 | 00719nam a22002417a 4500 | ||
|---|---|---|---|
| 008 | 131006b xxu||||| |||| 00| 0 eng d | ||
| 020 | _a81-85015-61-9 | ||
| 024 | _cAvailable | ||
| 037 | _cAvailable | ||
| 040 |
_aMBSTU LIBRARY _dMBSTU LIBRARY |
||
| 082 |
_222 _a621.4832 AHP |
||
| 100 | _aAlo, Alfred V. | ||
| 245 | _aPrinciples of computer design. | ||
| 260 |
_aNew Delhi _bNarosa Publishing House. _c1989. |
||
| 300 |
_a22 cm. _b612 page _f1 _g22 cm. |
||
| 600 | _2Computer design. | ||
| 650 | _2Computer design. | ||
| 700 | _aAlo, Alfred V. | ||
| 270 |
_aNew Delhi _bNew Delhi _dIndia |
||
| 365 |
_b242.00 _d242.00 |
||
| 942 |
_2ddc _cBK |
||
| 999 |
_c700 _d700 |
||